All North American Pro Sports Teams - Sudden Death (Extreme) - Statistics

General Stats
  • This quiz has been taken 347 times
    78 since last reset
  • The average score is 111 of 144
Answers on the Grid
Answers color-coded by a green-red scale on the quiz's grid according to % correct below.
49ers
63ers
76ers
Aces
All Blacks
Angels
Astros
Athletics
Avalanche
Aztecs
Barnstormers
Beaneaters
Bears
Bengals
Bills
Blackhawks
Blizzards
Blue Hens
Blue Jackets
Blue Jays
Blues
Braves
Brewers
Bridegrooms
Broncos
Browns
Bruins
Buccaneers
Buckeyes
Bucks
Bullets
Bullfrogs
Bulls
Canadiens
Canucks
Capitals
Cardinals
Cavaliers
Celtics
Chargers
Chiefs
Chinooks
Clippers
Clowns
Colt .45s
Colts
Commanders
Confederates
Cornhuskers
Cowboys
Crew
Crimson Tide
Crocodiles
Crusaders
Cubs
Democracy
Devils
Diamondbacks
Dodgers
Dolphins
Dream
Ducks
Dynamo
Eagles
Earthquakes
Expos
Falcons
Fever
Fighting Irish
Fire
Flames
Flyers
Fusion
Galaxy
Giants
Golden Knights
Green Giants
Grizzlies
Guardians
Hawks
Heat
Honey Bees
Hoosiers
Hornets
Hurricanes
Islanders
Isotopes
Jackrabbits
Jaguars
Jayhawks
Jazz
Jets
Kings
Knicks
Kraken
Lakers
Liberty
Lightning
Lions
Lynx
Magic
Mammoth
Maple Leafs
Mariners
Marlins
Maroons
Mavericks
Mercury
Mets
Miners
Mountaineers
Mutiny
Mystics
Narwhals
Nationals
Nets
Nordiques
Nuggets
Oilers
Orange
Orioles
Osprey
Pacers
Packers
Padres
Panthers
Patriots
Pelicans
Penguins
Phillies
Pilots
Pirates
Pistons
Predators
Quakers
Raiders
Rams
Rangers
Rapids
Raptors
Rattlers
Ravens
Rays
Red Bulls
Red Rovers
Red Sox
Red Wings
Reds
Revolution
Rockets
Rockies
Roughnecks
Royals
Sabres
Saints
Seahawks
Seals
Senators
Sharks
Sky
Sounders
Sparks
Spiders
Spurs
Stallions
Stars
Steamrollers
Steelers
Storm
Sun
Suns
Terrapins
Texans
Thrashers
Thunder
Tigers
Timbers
Timberwolves
Titans
Trail Blazers
Triplets
Twins
Union
United
Valkyries
Vikings
Volunteers
Warriors
Water Buffalo
Whalers
White Sox
White Stockings
Whitecaps
Wild
Wings
Wizards
Wolverines
Yankees
Yellow Bellies
Zips
 
Answer Stats
Answer % Correct
49ers
98%
76ers
95%
Bears
91%
Bengals
91%
Heat
91%
Angels
89%
Bills
89%
Blackhawks
89%
Blue Jays
89%
Blues
89%
Broncos
89%
Browns
89%
Bucks
89%
Colts
89%
Dodgers
89%
Eagles
89%
Jazz
89%
Lakers
89%
Nets
89%
Astros
86%
Avalanche
86%
Braves
86%
Brewers
86%
Bruins
86%
Buccaneers
86%
Bulls
86%
Cavaliers
86%
Celtics
86%
Chargers
86%
Chiefs
86%
Clippers
86%
Cowboys
86%
Falcons
86%
Hawks
86%
Hornets
86%
Magic
86%
Panthers
86%
Patriots
86%
Athletics
84%
Capitals
84%
Cardinals
84%
Commanders
84%
Cubs
84%
Giants
84%
Grizzlies
84%
Guardians
84%
Jets
84%
Lions
84%
Mavericks
84%
Nuggets
84%
Orioles
84%
Raiders
84%
Red Sox
84%
Seahawks
84%
Suns
84%
Tigers
84%
White Sox
84%
Canadiens
82%
Diamondbacks
82%
Dolphins
82%
Islanders
82%
Jaguars
82%
Kings
82%
Knicks
82%
Pacers
82%
Packers
82%
Padres
82%
Pelicans
82%
Pistons
82%
Rams
82%
Texans
82%
Thunder
82%
Vikings
82%
Blue Jackets
80%
Canucks
80%
Ducks
80%
Golden Knights
80%
Hurricanes
80%
Maple Leafs
80%
Marlins
80%
Mets
80%
Penguins
80%
Phillies
80%
Raptors
80%
Ravens
80%
Rockets
80%
Rockies
80%
Royals
80%
Spurs
80%
Titans
80%
Twins
80%
Warriors
80%
Wizards
80%
Yankees
80%
Devils
77%
Lightning
77%
Mariners
77%
Nationals
77%
Pirates
77%
Rangers
77%
Red Wings
77%
Saints
77%
Steelers
77%
Timberwolves
77%
Trail Blazers
77%
Flyers
75%
Kraken
75%
Rays
75%
Reds
75%
Sabres
75%
Stars
75%
Oilers
73%
Predators
73%
Senators
73%
Sharks
73%
Liberty
70%
Mammoth
68%
Wild
68%
Flames
66%
Aces
64%
United
64%
Fever
61%
Galaxy
61%
Mercury
61%
Sparks
61%
Dream
59%
Sky
59%
Storm
59%
Lynx
55%
Dynamo
52%
Fire
52%
Mystics
52%
Sounders
52%
Revolution
50%
Timbers
50%
Red Bulls
48%
Valkyries
48%
Crew
45%
Rapids
45%
Whitecaps
45%
Wings
45%
Earthquakes
43%
Sun
43%
Union
43%
No matching quizzes found
Score Distribution
Percent of People with Each Score
Percentile by Number Answered
Your Score History
You have not taken this quiz since the last reset